000 00533nam a2200181Ia 4500
001 22613
005 20260414150842.0
008 260414t2005||||xx |||||||||||||| ||spa||
041 _aESP
082 _a621.3822
_bB25
100 _aBarrero García, Federico J.
_eAUT
245 0 _aProcesadores digitales de señal de altas prestaciones de texas instruments TM :
_bde la familia TMS320C3x a la TMS320C6000
260 _c2005
300 _a502 páginas :
_c24 cm.
650 _aTCA
654 _aCET
942 _cLIB
_dJUS
_fJUS
_2ddc
_n
999 _c22613
_d22613